000 00871cam a2200265 a 4500
001 000009808
005 20200929161719.0
008 791204s1989 sp 000 p spa d
020 _a8420617121
040 _aDO-SdBNP
_cBNPHU
082 _a861.6
_bA454a
100 1 _aAlonso, Dámaso,
_d1898-1990
_98769
245 1 0 _aAntología poética /
_cDámaso Alonso ; selección y prólogo de Philip W. Silver.
260 _aMadrid :
_bAlianza,
_c1989.
300 _a167 p. ;
_c18 cm.
490 1 _aLibro de bolsillo. Literatura
_v712
500 _aPrimera reimpresión, 1989
650 4 _aPoesía española
_9631
650 4 _aLiteratura española
_9632
650 4 _aPoesía española
_xColecciones
_93395
700 1 _aSilver, Philip W.,
_d1932-
_epról.
_924712
830 3 _aLibro de bolsillo.
_pLiteratura;
_v712
_99889
910 _aCatalogación derivada
910 _aWM
999 _c9567
_d9567